000
00241nam a2200097Ia 4500
001
683637
005
20250826161442.0
008
250824s9999 xx 000 0 und d
245
0
_a
ŞIK
_c
HÜSEYİN RAHMİ GÜRPINAR
260
_b
EVEREST YAYINLARI
999
_c
683637
_d
683637